LEADER 01301nam a2200301 u 4500 001 000000044262 003 CaOOAMICUS 005 20070226114530.0 008 990422s1985 it u000 u ita u 020 $a883111719X 035 $a10821032 040 $aPUL(R)$bita 100 1 $aDell'Unto, Anna Maria.$0(OLS)http://pul/name/32377 245 10$aGiovani in provincia :$bricerca sociologica sulla condizione giovanile in Italia /$cAnna Maria Dell'Unto - Antonio Scarinci ; prefazione di Franco Crespi. 260 $aRoma :$bCittà Nuova,$cc1985. 300 $a239 p. :$bill. ;$c21 cm 490 1 $aRicerche ;$v19 500 $aContiene indici. 504 $aBibliografia in nota. 650 4$aGiovani$xAnalisi sociologica.$0(OLS)http://pul/subject/19312 700 1 $aScarinci, Antonio.$0(OLS)http://pul/name/32378 850 $aPUL 852 $aPUL$W1$xDP1 Cons. Gen., Altre Classi 1$y22$m43 C 121$j59606$nBK-PRI$b $qStampati$B59606$CPULBib$Z2$F59606 $H $81 941 1 $a8 961 $aINV: 57014 996 $6020$a883111719X$9(OLS)http://pul/number/55183 996 $6245$aGiovani in provincia :$bricerca sociologica sulla condizione giovanile in Italia$9(OLS)http://pul/title/59691 996 $6260$aRoma :$bCittà Nuova$9(OLS)http://pul/publisher/47927 LEADER 01344nam a2200277 u 4500 001 000000077907 003 CaOOAMICUS 005 20070226123355.0 008 040309s1958 it u000 u ita u 035 $a10986471 040 $aPUL(R)$bita 100 1 $aLombardi, Luigi.$0(OLS)http://pul/name/7255 245 13$aLa fondazione del diritto di proprietà privata nella seconda scolastica /$cLombardi Luigi.. 260 $aRomae :$bPontificia Universitas Lateranensis,$c1958. 300 $a162 p. ;$c25 cm 490 1 $aPontificium Athenaeum Lateranense. Facultas S. Theologiae. Theses ad lauream ;$v42 500 $aContiene indici. 502 $aDiss.-- Pontificia Universitas Lateranensis. 504 $aFonti e bibliografia p. 7-9. 650 4$aDiritto privato$xStoria.$0(OLS)http://pul/subject/19055 830 0$aTheses ad lauream in s. theologia (Pontificia Università Lateranense) ;$v42.$0(OLS)http://pul/title/1741 850 $aPUL 852 $aPUL$W1$xDP1 Tesi Pon Univ. Lateranense$y41$mTH PUL.THEOL 42$j100005$nBK-PRI$b $qTesi$B100005$CPULBib$Z2$F100005 $HPUL19803 $81 941 1 $a16 996 $6245$aLa fondazione del diritto di proprietà privata nella seconda scolastica$9(OLS)http://pul/title/102137 996 $6260$aRomae :$bPontificia Universitas Lateranensis$9(OLS)http://pul/publisher/48588